000 00534nam a2200181Ia 4500
003 GCL
008 140319s9999 xx 000 0 ara d
040 _aGCL /
_cGCL
082 0 4 _a415.5
_bز د
100 1 _aزين كامل الخويسكى
245 1 0 _aدروس فى النحو و الصرف /
_cزين كامل الخويسكى
260 _a[S.N] :
_bدار المعرفة الجامعية ،
_c1992
490 _a
650 0 4 _aالنحو
650 0 4 _aاللغة العربية
650 0 4 _aالصرف
942 _2ddc
_cBK
999 _c52630
_d52630